000 00838cam a2200277 a 4500
008
020 _a0805308006 (pbk.)
049 _aMAIN
090 _aQH581.2
_bBEC
100 1 _aBecker, Wayne M.
245 1 4 _aThe world of the cell /
_cWayne M. Becker.
260 _aMenlo Park, Calif. :
_bBenjamin/Cummings Pub. Co.,
_cc1986.
300 _axxvi, 882 p. :
_bill. (some col.) ;
_c24 cm.
440 0 _aBenjamin/Cummings series in the life sciences
504 _aIncludes bibliographical references.
500 _aIncludes index.
650 0 _aMolecular biology.
650 2 _aCytology
650 2 _aCell Membrane
650 2 _aMolecular Biology
907 _a.b10014457
_b14-07-14
_c17-04-03
003
005 20230123133506.0
040 _cNUST
942 _cBOOKS
_kQH581.2
_mBEC
999 _c149535
_d149535